000 00640nam a22002297a 4500
003 UA-OsUOA
001 30201
007 ta
008 20041105b un ||||| |||| 00| 0 ukr d
090 _a913(4)
_bС56
942 _cBK
040 _aUA-OsUOA
_brus
_cUA-OsUOA
_dUA-OsUOA
245 _aСоветский Союз. Эстония
_bГеографическое описание в 22-х томах
_cРед. М. И.Ростовцев
300 _a256 с.
_bІлюстрації
955 _a0
041 _arus
080 _a913(4)
260 _aМосква
_bМысль
_c1967
044 _aRU
650 7 _2UDC
999 _c316609
_d316609